000 00411nam a2200145Ia 4500
003 OSt
005 20260130105951.0
008 211028s2018 xx 000 0 und d
040 _cAIMIT LIBRARY
041 _aeng
100 _aMuneeb, Sada M; Kudtarkar, Ravi.
_g1616170
_97923
245 _aStudy on customer response towards Ribco polymers /
260 _aMangalore
_bLestan D Souza.
_c2018
942 _2ddc
_cPRO
999 _c219491
_d219491